000 00583nam a2200181Ia 4500
008 151202s9999||||xx |||||||||||||| ||und||
082 _bPNVM-82211
100 _aससाणे रावसाहेब.
245 _aबोलावणं.
260 _bनवता बुक वर्ल्ड मुंबई पूर्व.
260 _c2013
300 _a259
600 _aससाणे रावसाहेब.
630 _aबोलावणं.
700 _aससाणे रावसाहेब.
730 _aबोलावणं.
942 _cBOOK
999 _c1346819
_d1346816